Logo BPK

Biblioteka

Politechniki Koszalińskiej

Encyklopedia audiowizualna Britannica : (Rekord nr 54778)

Szczegóły MARC
000 -ETYKIETA REKORDU
podpole kontrolne o stałej długości 01389nam a2200409 i 4500
001 - NUMER KONTROLNY REKORDU
pole kontrolne bg
015 ## - NUMER BIBLIOGRAFII NARODOWEJ
Numer bibliografii narodowej PB 9314/2007
020 ## - MIĘDZYNARODOWY ZNORMALIZOWANY NUMER KSIĄŻKI - ISBN
ISBN 8360563063
020 ## - MIĘDZYNARODOWY ZNORMALIZOWANY NUMER KSIĄŻKI - ISBN
ISBN 9788360563069
020 ## - MIĘDZYNARODOWY ZNORMALIZOWANY NUMER KSIĄŻKI - ISBN
ISBN 8360563047
020 ## - MIĘDZYNARODOWY ZNORMALIZOWANY NUMER KSIĄŻKI - ISBN
ISBN 9788360563045
020 ## - MIĘDZYNARODOWY ZNORMALIZOWANY NUMER KSIĄŻKI - ISBN
ISBN 159339330X
020 ## - MIĘDZYNARODOWY ZNORMALIZOWANY NUMER KSIĄŻKI - ISBN
ISBN 9781593393304
040 ## - ŹRÓDŁO KATALOGOWANIA
Instytucja, która utworzyła rekord BPK
041 1# - KOD JĘZYKA
Kod języka tekstu pol
Kod języka oryginału eng
080 ## - UNIWERSALNA KLASYFIKACJA DZIESIĘTNA - UKD
UKD 73/76+72](03)
920 ## - Międzynarodowy znormalizowany numer książki – ISBN
ISBN 83-60563-06-3 (ASP) :
Warunki dostępności zł 29
920 ## - Międzynarodowy znormalizowany numer książki – ISBN
ISBN 978-83-60563-06-9
920 ## - Międzynarodowy znormalizowany numer książki – ISBN
ISBN 83-60563-04-7 (seria)
920 ## - Międzynarodowy znormalizowany numer książki – ISBN
ISBN 978-83-60563-04-5
920 ## - Międzynarodowy znormalizowany numer książki – ISBN
ISBN 1-59339-330-X (seria oryg.)
920 ## - Międzynarodowy znormalizowany numer książki – ISBN
ISBN 978-1-59339-330-4
008 - POLE O STAŁEJ DŁUGOŚCI - DANE KONTROLNE
podpole kontrolne o stałej długości 070220s2006 pl a e |000 0 pol
245 00 - TYTUŁ/ODPOWIEDZIALNOŚĆ
Tytuł Encyklopedia audiowizualna Britannica :
Ciąg dalszy tytułu sztuka.
Oznaczenie części/sekcji dzieła Cz. 1 /
Pozostałe elementy strefy tytułu i oznaczenia odpowiedzialności [zespół aut. i tł. Zbigniew Bania et al. ; zespół aut. siatki haseł oraz przygot. red. Teresa Basińska et al.].
246 18 - WARIANT TYTUŁU
Tytuł Sztuka 1
260 ## - STREFA ADRESU WYDAWNICZEGO
Miejsce wydania Poznań :
Nazwa wydawcy/dystrybutora Wydawnictwo Kurpisz ;
Miejsce wydania [Warszawa] :
Nazwa wydawcy/dystrybutora Axel Springer Polska,
Data publikacji, dystrybucji/powstania dokumentu cop. 2006.
300 ## - STREFA OPISU FIZYCZNEGO
Objętość 160 s. :
Inne cechy fizyczne il. (w tym kolor.) ;
Rozmiary 25 cm +
Dokument towarzyszący dysk optyczny (DVD).
490 1# - STREFA SERII I DOKUMENTU WIELOCZĘŚCIOWEGO - FORMA NIE DO WYSZUKIWANIA
Tytuł i oznaczenie odpowiedzialności serii Encyclopædia Britannica
500 ## - UWAGI OGÓLNE
Tekst uwagi U góry okł. nazwa czas.: Dziennik. Przygot. na podst.: Britannica - edycja polska.
546 ## - UWAGA O JĘZYKU
Uwaga o języku Tł. z ang.
650 #9 - HASŁO PRZEDMIOTOWE W FORMIE NAZWY OGÓLNEJ LUB JEDNOSTKOWEJ
Nazwa ogólna lub geograficzna Sztuka
655 ## - TERMIN INDEKSOWY - OKREŚLENIE RODZAJU/FORMY DOKUMENTU
Określenie rodzaju/formy dokumentu Encyklopedie
700 1# - HASŁO DODATKOWE - NAZWA OSOBOWA
Nazwa osobowa Bania, Zbigniew
Daty związane z nazwą (1946- ).
700 1# - HASŁO DODATKOWE - NAZWA OSOBOWA
Nazwa osobowa Basińska, Teresa.
Określenie związku między hasłem a opisywanym materiałem Red.
830 ## - HASŁO DODATKOWE SERII LUB DOKUMENTU WIELOCZĘŚCIOWEGO - TYTUŁ UJEDNOLICONY
Tytuł ujednolicony Encyclopædia Britannica
856 ## - LOKALIZACJA I DOSTĘP DO ELEKTRONICZNYCH DOKUMENTÓW ZDALNYCH
Link (URL) http://koha.tu.koszalin.pl/cgi-bin/koha/opac-detail.pl?biblionumber=54778
Tekst linku Katalog online BPK
942 ## - DODATKOWE ELEMENTY (KOHA)
Typ dokumentu Książka
Egzemplarze
Wycofany Status egzemplarza Uszkodzony Dostępność Lokalizacja stała Lokalizacja bieżąca Miejsce przechowywania Sygnatura Kod kreskowy Dział Typ dokumentu
      Tylko na miejscu Biblioteka Politechniki Koszalińskiej Biblioteka Politechniki Koszalińskiej Czytelnia BG 86856 02415253 0/9(03) Encyklopedie. Leksykony Książka
© 2023 Biblioteka Politechniki Koszalińskiej :: KOHA